Les pays membres de l'Association des producteurs de pétrole africains - Statistiques

Statistiques générales
  • Ce quiz a été pris 30 fois
  • Le résultat moyen est 16 sur 19
Statistiques - réponses
Initiale Pays % Correct
A Afrique-du-Sud
96%
A Algérie
96%
N Niger
96%
N Nigeria
96%
A Angola
93%
G Ghana
93%
M Mauritanie
89%
C Côte d'ivoire
86%
E Egypte
86%
L Libye
86%
R RD Congo
86%
C Cameroun
82%
G Gabon
82%
C Congo
79%
S Soudan
79%
B Bénin
75%
G Guinée équatoriale
68%
T Tchad
68%
S Sénégal
64%
Aucun quiz correspondant
Distribution des résultats
% des personnes avec chaque résultat
Percentile par nombre de réponses
Votre historique - résultats
Vous n’avez pas pris ce quiz